000 00276 a2200121 4500
001 146960
040 _cEscola São Tomás de Aquino
100 _aMACHADO, Ana Maria
240 1 0 _aDedo mindinho
_lpor
245 1 0 _aDedo mindinho
697 _a*LITERATURA INFANTO
942 _cBK
999 _c146960
_d146960